000 00291nam a22001097a 4500
008 230703b xxu||||| |||| 00| 0 eng d
082 _a342
_bCKRC 1997
245 _aNjia ya Kufikia Katiba Mpya
260 _bNational Convention anmd Planning Committee
_c1997
300 _a21p
942 _2ddc
_cBK
999 _c3515
_d3515